000 01491nam a2200469 i 4500
001 7362
003 KOSZ 005
005 20200630132816.0
008 080319s1971 pl a f |000 0 pol
015 _aPB 1971/5274
035 _a991040783729705066
035 _a(PL-WaBN)b20894648-48omnis_nlop
035 _ab20894648
035 _a(OCoLC)749220336
035 _a(PL)b0000002089464
035 _a(EXLNZ-48OMNIS_NETWORK)9910341160405606
040 _aWA N
_cWA N
_dKOSZ 005/EC
041 _apol
046 _k1971
080 _a531
100 1 _aJanik, Franciszek
_d(1900-1975).
_eAutor
245 1 0 _aMechanika ogólna.
_nT. 2 /
_cFranciszek Janik.
260 _aWarszawa :
_bPaństwowe Wydawnictwo Naukowe,
_c1971.
300 _a272, [3] s. :
_bil. ;
_c23 cm.
336 _2rdacontent
_aTekst
_btxt
337 _2rdamedia
_aBez urządzenia pośredniczącego
_bn
338 _2rdacarrier
_aWolumin
_bnc
380 _aKsiążki
380 _aPublikacje dydaktyczne
385 _mPoziom nauczania
_aSzkoły wyższe
388 _a1901-2000
388 _a1945-1989
504 _aBibliogr.
580 _aT. 1 poz. 639/70.
650 7 _aMechanika
_2DBN
655 7 _aPodręczniki
_2DBN
658 _aFizyka i astronomia
710 2 _aPaństwowe Wydawnictwo Naukowe
_4pbl
856 _uhttp://koha.tu.koszalin.pl/cgi-bin/koha/opac-detail.pl?biblionumber=7362
_yKatalog online BPK
942 _2UKD
_cKS
999 _c7362
_d7362